Т. 15: 1999-2000; Нобелевская премия. Физиология и медицина

Bibliografiske detaljer
Parent link:Нобелевская премия. Физиология и медицина. Т. 15: 1999-2000.— , 2006.— 5-902758-01-7
Sprog:russisk
Udgivet: 2006
Fag:
Format: MixedMaterials Bog
KOHA link:https://koha.lib.tpu.ru/cgi-bin/koha/opac-detail.pl?biblionumber=131147

MARC

LEADER 00000nam2a2200000 4500
001 131147
005 20231031134154.0
010 |a 9785902758518 
035 |a (RuTPU)RU\TPU\book\142042 
090 |a 131147 
100 |a 20080213d2006 k y0rusy50 ca 
101 0 |a rus 
102 |a RU 
105 |a a z 000zy 
200 0 |a Т. 15: 1999-2000 
210 |d 2006 
215 |a 345 с.  |c ил. 
461 1 |0 (RuTPU)RU\TPU\book\132272  |y 5-902758-01-7  |t Нобелевская премия. Физиология и медицина  |v Т. 15: 1999-2000  |d 2006  |s Нобелевские лекции - 100 лет 
610 1 |a медицина 
610 1 |a физиология 
610 1 |a ученые звания 
610 1 |a Нобелевская премия 
610 1 |a нобелевские лекции 
610 1 |a история 
610 1 |a 20 век 
610 1 |a автобиографии 
610 1 |a биографии 
610 1 |a персоналии 
675 |a 61(09)  |v 3 
686 |a Ч216(0)27  |v LBC/SL-A  |2 rubbk 
801 1 |a RU  |b 63413507  |c 20080213  |g PSBO 
801 2 |a RU  |b 63413507  |c 20221207  |g PSBO 
942 |c BK